Working Capital Management (Record no. 1620)

MARC details
000 -LEADER
fixed length control field 00426nam a22001697a 4500
005 - DATE AND TIME OF LATEST TRANSACTION
control field 20180719154929.0
008 - FIXED-LENGTH DATA ELEMENTS--GENERAL INFORMATION
fixed length control field 160524b xxu||||| |||| 00| 0 eng d
020 ## - INTERNATIONAL STANDARD BOOK NUMBER
ISBN 81-203-17300
041 ## - LANGUAGE CODE
Language code of text/sound track or separate title eng
082 ## - DEWEY DECIMAL CLASSIFICATION NUMBER
Item number 4779
Classification number 658.15244
100 ## - MAIN ENTRY--AUTHOR NAME
Personal name Hrishikes, Bhattacharya
245 ## - TITLE STATEMENT
Title Working Capital Management
260 ## - PUBLICATION, DISTRIBUTION, ETC. (IMPRINT)
Place of publication New Delhi
Name of publisher Academic Faundation
300 ## - PHYSICAL DESCRIPTION
Number of Pages 436p,
650 ## - SUBJECT ADDED ENTRY--TOPICAL TERM
Topical Term Management
942 ## - ADDED ENTRY ELEMENTS (KOHA)
Koha item type Books
Holdings
Lost status Damaged status Collection code Home library Current library Shelving location Date acquired Cost, normal purchase price Full call number Accession Number Koha item type
    MANAGEMENT JRU Library JRU Library SHELF-60-L 24/05/2016 295.00 658.15244 4779 Books
    MANAGEMENT JRU Library JRU Library SHELF-60-L 24/05/2016 295.00 658.15244 4780 Books
    Reference JRU Library   SHELF-30-H 24/05/2016 295.00 658.15244 4781 Books